[Event "KSB Brusperk - Slavoj E"]
[Site "Brusperk"]
[Date "2025.02.09"]
[Round "8.1"]
[White "Vlasek, Roman"]
[Black "Dobrovolsky, Ladislav"]
[Result "1/2-1/2"]
[WhiteElo "1915"]
[BlackElo "2115"]
[PlyCount "89"]
[EventDate "2024.10.13"]
[WhiteTeam "Sokol Brusperk A"]
[BlackTeam "Slavoj Poruba E"]

1. Nf3 c5 2. e3 d5 3. d4 Nf6 4. c3 cxd4 5. exd4 Nc6 6. Bd3 Bg4 7. O-O e6 8. h3 Bh5 9. Bf4 Bd6 10. Bxd6 Qxd6 11. Nbd2 O-O 12. Re1 Rab8 13. Qe2 Rfe8 14. g4 Bg6 15. Bxg6 hxg6 16. Ne5 b5 17. Qf3 Re7 18. Re3 Nd7 19. Nxc6 Qxc6 20. Rae1 Nb6 21. b3 Qc7 22. h4 Rc8 23. Kg2 Rce8 24. h5 g5 25. h6 Qf4 26. hxg7 Qxf3+ 27. Kxf3 Kxg7 28. Kg2 f6 29. Rh1 Rh8 30. Rxh8 Kxh8 31. Kf3 Kg7 32. Ke2 Kg6 33. Rh3 Rc7 34. Kd3 Kg7 35. Re3 Rc6 36. Re1 a5 37. Rc1 Rc8 38. f3 Rh8 39. c4 bxc4+ 40. bxc4 dxc4+ 41. Nxc4 Rc8 42. Rc2 Nd5 43. a3 a4 44. Rb2 Nf4+ 45. Kc3 1/2-1/2

[Event "KSB Brusperk - Slavoj E"]
[Site "Brusperk"]
[Date "2025.02.09"]
[Round "8.1"]
[White "Dostal, Radim"]
[Black "Hora, Ales"]
[Result "1-0"]
[WhiteElo "1958"]
[BlackElo "1948"]
[PlyCount "131"]
[EventDate "2024.10.13"]
[WhiteTeam "Slavoj Poruba E"]
[BlackTeam "Sokol Brusperk A"]

1. e4 e5 2. Nf3 Nc6 3. Bb5 Bc5 4. Nxe5 Bxf2+ 5. Kxf2 Nxe5 6. g3 c6 7. Be2 Nf6 8. Nc3 d5 9. exd5 Nxd5 10. d4 Ng6 11. Nxd5 Qxd5 12. Bf3 Qf5 13. Rf1 O-O 14. Kg1 Qb5 15. b3 Be6 16. c4 Qb6 17. Rf2 Rfe8 18. Bb2 Rad8 19. Qc2 f6 20. Be4 Bf7 21. Rd1 Qc7 22. Rdf1 Qe7 23. Bg2 Qe3 24. Kh1 Nf8 25. Qd2 Nd7 26. Qa5 a6 27. Qc7 Bh5 28. Bf3 Bxf3+ 29. Rxf3 Qd2 30. R3f2 Qb4 31. Qf4 Nf8 32. Qg4 Ng6 33. h4 Qe7 34. h5 Nf8 35. d5 Qe4+ 36. Qxe4 Rxe4 37. dxc6 bxc6 38. h6 gxh6 39. Bxf6 Rd3 40. Kg2 Ree3 41. Rf3 Rxf3 42. Rxf3 Rd2+ 43. Rf2 Rxf2+ 44. Kxf2 Kf7 45. Bc3 Ne6 46. b4 Ng5 47. Ke3 Ke6 48. g4 Nf7 49. a4 Kd6 50. Ke4 Ke6 51. Bg7 Ng5+ 52. Kd4 Kd6 53. Bf8+ Kd7 54. Bxh6 Nf3+ 55. Kc5 Ne5 56. Bd2 Nxg4 57. Bf4 h5 58. Kb6 Nf2 59. Kxa6 Nd3 60. Bh2 Nxb4+ 61. Kb7 Nd3 62. a5 Nc5+ 63. Kb6 Na4+ 64. Kb7 Nc5+ 65. Ka7 h4 66. a6 1-0

[Event "KSB Brusperk - Slavoj E"]
[Site "Brusperk"]
[Date "2025.02.09"]
[Round "8.1"]
[White "Lipovsky, Tomas"]
[Black "Dobes, Ludek"]
[Result "1/2-1/2"]
[WhiteElo "1830"]
[BlackElo "1978"]
[PlyCount "69"]
[EventDate "2024.10.13"]
[WhiteTeam "Sokol Brusperk A"]
[BlackTeam "Slavoj Poruba E"]

1. e4 c5 2. d4 cxd4 3. c3 d3 4. Bxd3 d6 5. Nf3 Nf6 6. Bc4 Nbd7 7. O-O e6 8. Qe2 Qc7 9. Rd1 Be7 10. Bf4 e5 11. Bg5 O-O 12. h3 a6 13. Bb3 Nc5 14. Bxf6 Bxf6 15. Bd5 Ne6 16. Bxe6 Bxe6 17. Nbd2 Rad8 18. c4 Be7 19. Rac1 f5 20. exf5 Bxf5 21. Re1 Rf7 22. c5 Bf6 23. cxd6 Qxd6 24. Ne4 Bxe4 25. Qxe4 Re8 26. Rcd1 Qb6 27. b3 g6 28. Qd5 Rd8 29. Qc4 Rxd1 30. Rxd1 Kg7 31. Qd5 Re7 32. Re1 Qc7 33. a4 Rd7 34. Qe4 Re7 35. Qd5 1/2-1/2

[Event "KSB Brusperk - Slavoj E"]
[Site "Brusperk"]
[Date "2025.02.09"]
[Round "8.1"]
[White "Kondula, Dominik"]
[Black "Genserovsky, Milan"]
[Result "1-0"]
[WhiteElo "1875"]
[BlackElo "1733"]
[PlyCount "59"]
[EventDate "2024.10.13"]
[WhiteTeam "Slavoj Poruba E"]
[BlackTeam "Sokol Brusperk A"]

1. e4 c5 2. Nf3 d6 3. d4 cxd4 4. Nxd4 Nf6 5. Nc3 a6 6. f3 e5 7. Nb3 Be6 8. Bg5 Be7 9. Bd3 Nbd7 10. Qd2 h6 11. Be3 Rc8 12. g4 Nh7 13. O-O-O Nc5 14. Nxc5 dxc5 15. Qe2 Qa5 16. Bc4 Bxc4 17. Qxc4 Bg5 18. Bxg5 Nxg5 19. h4 Ne6 20. Rd6 Ke7 21. Rb6 Rhd8 22. Rxb7+ Kf8 23. Nd5 Nc7 24. Rd1 Nxd5 25. exd5 Rd6 26. f4 exf4 27. Qxf4 Rf6 28. Qc4 Qd8 29. d6 Qe8 30. Qd3 1-0

[Event "KSB Brusperk - Slavoj E"]
[Site "Brusperk"]
[Date "2025.02.09"]
[Round "8.1"]
[White "Hora, Jan"]
[Black "Gajda, Rostislav"]
[Result "0-1"]
[WhiteElo "1665"]
[BlackElo "1753"]
[PlyCount "88"]
[EventDate "2024.10.13"]
[WhiteTeam "Sokol Brusperk A"]
[BlackTeam "Slavoj Poruba E"]

1. d4 d6 2. Nf3 Nf6 3. Nc3 Nbd7 4. Bg5 c6 5. e3 Qa5 6. Bd3 e5 7. Qd2 Be7 8. Bh4 b5 9. O-O b4 10. Ne4 Nxe4 11. Bxe4 Bxh4 12. Nxh4 d5 13. Bf5 e4 14. g3 g6 15. Bxd7+ Bxd7 16. a3 g5 17. axb4 Qc7 18. Ng2 h5 19. f4 h4 20. gxh4 gxh4 21. Kh1 Bh3 22. Rg1 O-O-O 23. Qf2 Qe7 24. Qe2 Kb8 25. Qa6 Qd7 26. c4 Bg4 27. Ne1 Be2 28. b3 Rhg8 29. Rxg8 Rxg8 30. b5 cxb5 31. Qxb5+ Qxb5 32. cxb5 h3 33. Ra2 Bxb5 34. Rf2 f5 35. Nc2 Rc8 36. Rd2 Bd3 37. Kg1 Rxc2 38. Rxc2 Bxc2 39. b4 Kb7 40. Kf2 Bd1 41. Kg3 Bg4 42. Kh4 Kb6 43. Kg5 Kb5 44. Kf6 Kxb4 0-1

[Event "KSB Brusperk - Slavoj E"]
[Site "Brusperk"]
[Date "2025.02.09"]
[Round "8.1"]
[White "Svoboda, Petr"]
[Black "Blecha, Josef"]
[Result "1-0"]
[WhiteElo "1919"]
[BlackElo "1861"]
[PlyCount "61"]
[EventDate "2024.10.13"]
[WhiteTeam "Slavoj Poruba E"]
[BlackTeam "Sokol Brusperk A"]

1. Nf3 Nf6 2. b3 d5 3. Bb2 c5 4. e3 a6 5. Be2 Nc6 6. Ne5 Nxe5 7. Bxe5 e6 8. O-O Bd6 9. f4 O-O 10. Bb2 Bd7 11. d3 Bc6 12. Nd2 Re8 13. Nf3 d4 14. exd4 Bxf4 15. dxc5 Be3+ 16. Kh1 Bxc5 17. d4 Be7 18. Ne5 Be4 19. c4 Rc8 20. Rc1 Rf8 21. Qe1 Bg6 22. Bf3 Rc7 23. Qe2 Nd7 24. Nxg6 hxg6 25. d5 exd5 26. Bxd5 Nf6 27. Qe5 Rd7 28. Rcd1 Bd6 29. Qc3 b6 30. Bc6 Rc7 31. Bf3 {a cerny prekrocil cas} 1-0

[Event "KSB Brusperk - Slavoj E"]
[Site "Brusperk"]
[Date "2025.02.09"]
[Round "8.1"]
[White "Paseka, Ales"]
[Black "Stracanek, Vladimir"]
[Result "0-1"]
[WhiteElo "1749"]
[BlackElo "1808"]
[PlyCount "92"]
[EventDate "2024.10.13"]
[WhiteTeam "Sokol Brusperk A"]
[BlackTeam "Slavoj Poruba E"]

1. e4 e5 2. Nf3 Nc6 3. Bb5 a6 4. Ba4 Nf6 5. O-O b5 6. Bb3 Bc5 7. d3 h6 8. h3 d6 9. c3 O-O 10. Re1 Ba7 11. d4 Bd7 12. d5 Ne7 13. a4 Ng6 14. axb5 axb5 15. Na3 Bc5 16. Bc2 Qe7 17. b4 Bb6 18. Be3 Rfb8 19. Bd3 Nh5 20. Nc2 Rxa1 21. Qxa1 Nhf4 22. Bf1 Qf6 23. Kh2 Nxh3 24. gxh3 Qxf3 25. Bg2 Qf6 26. Rf1 Nf4 27. Qd1 Nxg2 28. Kxg2 Qg6+ 29. Kh2 Qxe4 30. Rg1 Bxe3 31. fxe3 Qf5 32. Rg3 Ra8 33. Ne1 Qf1 34. Rg2 Qf5 35. Rg3 Ra2+ 36. Ng2 Rc2 37. Qg1 Qe4 38. Qd1 Kh7 39. Rf3 Ra2 40. Qf1 Qxd5 41. Kg3 Qe6 42. Nh4 Kg8 43. e4 Qe7 44. Ng2 Qg5+ 45. Kh2 Be6 46. Qxb5 Qxg2# 0-1

[Event "KSB Brusperk - Slavoj E"]
[Site "Brusperk"]
[Date "2025.02.09"]
[Round "8.1"]
[White "Dracka, Alexander"]
[Black "Langer, Adam"]
[Result "0-1"]
[WhiteElo "1662"]
[BlackElo "1697"]
[PlyCount "90"]
[EventDate "2024.10.13"]
[WhiteTeam "Slavoj Poruba E"]
[BlackTeam "Sokol Brusperk A"]

1. Nf3 Nf6 2. g3 g6 3. Bg2 Bg7 4. O-O O-O 5. c4 c5 6. Nc3 Nc6 7. b3 Ne4 8. Bb2 Nxc3 9. Bxc3 Bxc3 10. dxc3 d6 11. Qd2 Bd7 12. Rad1 Qc8 13. Qh6 f6 14. Rd2 Rf7 15. Rfd1 Qf8 16. Qe3 Kh8 17. Ne1 Qc8 18. Nc2 a5 19. a3 a4 20. b4 Ne5 21. Bd5 e6 22. f4 Ng4 23. Qf3 exd5 24. Qxd5 Be6 25. Qxd6 Ra6 26. Qxa6 bxa6 27. Rd8+ Rf8 28. Rxc8 Rxc8 29. h3 Nh6 30. Kf2 Bxc4 31. Ne3 cxb4 32. cxb4 Bb5 33. g4 Nf7 34. h4 Rc3 35. Nd5 Rxa3 36. Nxf6 Ra2 37. Re1 Rb2 38. Nd5 a3 39. Nc3 Rxb4 40. Ra1 Rb3 41. Nb1 Rb2 42. Nc3 a2 43. Rxa2 Rxa2 44. Nxa2 Nd6 45. Nc3 a5 0-1

[Event "KSB 24/25, Slavoj Poruba F-Dobra"]
[Site "?"]
[Date "2025.02.09"]
[Round "8.1"]
[White "Zidek, Vaclav"]
[Black "Filip, Tomas"]
[Result "1-0"]
[WhiteElo "2135"]
[BlackElo "1999"]
[PlyCount "35"]
[SourceVersionDate "2025.02.09"]

1. d4 Nf6 2. c4 e6 3. Nc3 d5 4. cxd5 exd5 5. Bg5 Be7 6. e3 O-O 7. Bd3 h6 8. Bf4 Re8 9. Nge2 c6 10. Qc2 Nbd7 11. O-O-O Nf8 12. h3 b5 13. Kb1 a5 14. g4 a4 15. Ng3 Ne6 16. Be5 Nd7 17. Nf5 Bf8 18. Nxh6+ 1-0

[Event "KSB 24/25, Slavoj Poruba F-Dobra"]
[Site "?"]
[Date "2025.02.09"]
[Round "8.2"]
[White "Zemkova, Klara"]
[Black "Pustejovsky, Patrik"]
[Result "1/2-1/2"]
[WhiteElo "1893"]
[BlackElo "1858"]
[Annotator "PC"]
[PlyCount "69"]
[GameId "2143340962926651"]
[SourceVersionDate "2025.02.09"]

1. e4 c5 2. c3 Nf6 3. e5 Nd5 4. d4 cxd4 5. cxd4 d6 6. Nf3 Nc6 7. Bc4 Nb6 8. Bb3 dxe5 9. Nxe5 Nxe5 10. dxe5 Qxd1+ 11. Bxd1 Bd7 12. Nc3 Bc6 13. O-O e6 14. Be2 Bc5 15. Bf4 O-O 16. Rac1 a6 17. Be3 Bxe3 18. fxe3 Nd7 19. Bf3 Rac8 20. Bxc6 Rxc6 21. Ne4 Nxe5 22. Rxc6 bxc6 23. h3 Rd8 24. Rc1 h6 25. Rc5 Rd1+ 26. Kh2 Rd5 27. b4 Nd3 28. Rxc6 Nxb4 29. Rb6 a5 30. a4 Kh7 31. Nd6 Kg6 32. Nc4 Rc5 33. Nxa5 Rxa5 34. Rxb4 f5 35. Kg3 1/2-1/2

[Event "KSB 24/25, Slavoj Poruba F-Dobra"]
[Site "?"]
[Date "2025.02.09"]
[Round "8.3"]
[White "Svoboda, Tobias"]
[Black "Keprt, Pavel"]
[Result "1/2-1/2"]
[WhiteElo "1835"]
[BlackElo "1984"]
[PlyCount "128"]
[GameId "2143342033920070"]
[EventDate "2025.??.??"]
[SourceVersionDate "2025.02.09"]

1. d4 e6 2. c4 f5 3. Nf3 Nf6 4. Nc3 d5 5. e3 c6 6. Bd3 Bd6 7. O-O Qe7 8. Qc2 O-O 9. cxd5 cxd5 10. Ne5 Nc6 11. Nxc6 bxc6 12. f4 c5 13. dxc5 Bxc5 14. Na4 Bd6 15. Bd2 Bb7 16. Rac1 Rfc8 17. Nc3 Ne4 18. Qd1 Nxd2 19. Qxd2 Bc5 20. Na4 Bb4 21. Qe2 Rc7 22. a3 Bd6 23. Qd2 Rac8 24. Nc3 a6 25. Ne2 g6 26. Rxc7 Bxc7 27. Rc1 Qd6 28. b4 e5 29. g3 d4 30. Bc4+ Kf8 31. fxe5 Qc6 32. Nxd4 Qh1+ 33. Kf2 Qxh2+ 34. Ke1 Qxg3+ 35. Qf2 Bxe5 36. Ne6+ Ke7 37. Nc5 Bc6 38. Bxa6 Rd8 39. Qxg3 Bxg3+ 40. Ke2 f4 41. exf4 Bxf4 42. Rd1 g5 43. Rxd8 Kxd8 44. Ne6+ Kd7 45. Nxf4 gxf4 46. Bd3 h5 47. b5 Bd5 48. a4 Kc7 49. a5 h4 50. Kf2 Kb8 51. Bf1 Ka7 52. Kg1 Be6 53. Bg2 Bc4 54. b6+ Ka6 55. Kh2 Be6 56. Bf1+ Kb7 57. Bd3 Bc8 58. Kg2 Bg4 59. Be4+ Ka6 60. Bd3+ Kb7 61. Be4+ Ka6 62. Bc6 Bc8 63. Kf3 h3 64. Kxf4 Kxa5 1/2-1/2

[Event "KSB 24/25, Slavoj Poruba F-Dobra"]
[Site "?"]
[Date "2025.02.09"]
[Round "8.4"]
[White "Macicek, Jan"]
[Black "Kudla, Martin"]
[Result "0-1"]
[WhiteElo "1913"]
[BlackElo "1872"]
[PlyCount "76"]
[GameId "2143342153949262"]
[EventDate "2025.??.??"]
[SourceVersionDate "2025.02.09"]

{[%evp 0,56,28,31,36,34,34,6,9,-29,-36,-42,-15,-36,-16,-31,-12,-61,5,-27,-7,-84,-84,-84,-84,-261,-41,-87,-95,-99,-22,-48,1,-22,-22,-22,-22,-27,-27,-27,0,0,0,-8,-14,-21,-21,-34,0,-39,-14,-270,-270,-216,-259,-279,-288,-269,-224]} 1. e4 e6 2. Nf3 d5 3. e5 c5 4. b4 cxb4 5. d4 Ne7 6. a3 Qa5 7. Bd2 Nec6 8. Bd3 Qb6 9. axb4 Nxb4 10. Na3 Nxd3+ 11. cxd3 Nc6 12. Qa4 Bb4 13. Nb5 Bxd2+ 14. Kxd2 O-O 15. Rhb1 Bd7 16. Nd6 Nxe5 17. Rxb6 Nxf3+ 18. gxf3 Bxa4 19. Rxb7 Bc6 20. Rc7 Be8 21. Raxa7 Rxa7 22. Rxa7 f6 23. Re7 Bh5 24. Ke3 Rb8 25. Rxe6 Rb6 26. Kf4 Bf7 27. Kf5 Bxe6+ 28. Kxe6 Rb3 29. Kxd5 Rxd3 30. f4 Rf3 31. f5 Rxf2 32. Kc6 Rxh2 33. d5 h5 34. Ne4 Rc2+ 35. Kd7 Rc4 36. Nd6 Rd4 37. Kc6 h4 38. Nb5 Rxd5 0-1

[Event "KSB 24/25, Slavoj Poruba F-Dobra"]
[Site "?"]
[Date "2025.02.09"]
[Round "8.5"]
[White "Chalupa, Dominik"]
[Black "Tvrdy, Petr"]
[Result "0-1"]
[WhiteElo "1619"]
[BlackElo "1916"]
[PlyCount "58"]
[GameId "2143342285373526"]
[EventDate "2025.??.??"]
[SourceVersionDate "2025.02.09"]

{[%evp 0,58,28,28,30,-10,4,4,10,-17,1,18,16,17,17,7,31,40,40,38,33,-2,38,34,69,47,64,36,69,-1,-1,2,10,-32,-32,-113,-115,-149,-47,-166,-267,-267,-267,-247,-277,-336,-50,-252,-265,-274,-295,-379,-388,-550,-550,-682,-315,-867,-566,-2121,-396]} 1. d4 d5 2. c4 e6 3. Nf3 Nf6 4. g3 Be7 5. Bg2 O-O 6. O-O Ne4 7. Qc2 Nd7 8. Nc3 Nxc3 9. Qxc3 Nf6 10. Nd2 c6 11. e4 dxe4 12. Nxe4 Qb6 13. c5 Qd8 14. b4 Nd5 15. Qb3 b6 16. Qa4 a5 17. a3 Ba6 18. Rd1 f5 19. Nd2 Nc3 20. Qxc6 Nxd1 21. Qxe6+ Kh8 22. Bxa8 Qxa8 23. c6 Bf6 24. Nf3 Re8 25. Qd7 Bb5 26. d5 Bxa1 27. Ng5 Qc8 28. Qf7 h6 29. Qh5 Re7 0-1

[Event "KSB 24/25, Slavoj Poruba F-Dobra"]
[Site "?"]
[Date "2025.02.09"]
[Round "8.6"]
[White "Bok, Tomas"]
[Black "Kudla, Richard"]
[Result "0-1"]
[WhiteElo "1804"]
[BlackElo "2097"]
[PlyCount "76"]
[GameId "2143342430765150"]
[SourceVersionDate "2025.02.09"]

1. Nf3 d5 2. d4 Nf6 3. Bf4 c5 4. e3 Nc6 5. Bb5 Bg4 6. O-O Qb6 7. Nc3 e6 8. h3 Bxf3 9. gxf3 cxd4 10. Qxd4 Qxd4 11. exd4 Nd7 12. Bxc6 bxc6 13. a3 g5 14. Be3 Bd6 15. Ne2 f5 16. f4 g4 17. hxg4 fxg4 18. Kg2 h5 19. f3 Nf6 20. fxg4 Nxg4 21. Rf3 Kd7 22. Kh3 Raf8 23. Raf1 Rf5 24. Bd2 Rhf8 25. Ng3 R5f7 26. Ne2 e5 27. dxe5 Bxe5 28. Bb4 Bd6 29. Bxd6 Kxd6 30. Ng3 Nf6 31. Re1 h4 32. Nf5+ Kd7 33. Nh6 Rh7 34. Ng4 Nxg4 35. Kxg4 h3 36. f5 Rg8+ 37. Kf4 Rh4+ 38. Ke3 Re8+ 0-1

[Event "KSB 24/25, Slavoj Poruba F-Dobra"]
[Site "?"]
[Date "2025.02.09"]
[Round "8.7"]
[White "Zidek, Damian"]
[Black "Halamicek, Radek"]
[Result "1/2-1/2"]
[WhiteElo "1665"]
[BlackElo "1789"]
[PlyCount "67"]
[GameId "2143343302705278"]
[SourceVersionDate "2025.02.09"]

1. d4 g6 2. c4 Bg7 3. Nc3 Nf6 4. e4 d6 5. f3 O-O 6. Be3 e5 7. dxe5 dxe5 8. Qxd8 Rxd8 9. Nd5 Nxd5 10. cxd5 c6 11. Bc4 cxd5 12. Bxd5 Nc6 13. Bxc6 bxc6 14. Ne2 Rb8 15. b3 Rb7 16. Rd1 Rbd7 17. Rxd7 Rxd7 18. Kf2 Bf8 19. Rc1 Bb7 20. Ke1 Bb4+ 21. Kf2 Bd2 22. Rc2 Bxe3+ 23. Kxe3 Rd6 24. Rd2 Rxd2 25. Kxd2 Kf8 26. b4 Ke7 27. Nc3 Ba6 28. Na4 f5 29. exf5 gxf5 30. Nc5 Bc4 31. a3 Kd6 32. g3 Bf7 33. f4 e4 34. Na4 1/2-1/2

[Event "KSB 24/25, Slavoj Poruba F-Dobra"]
[Site "?"]
[Date "2025.02.09"]
[Round "8.8"]
[White "Konecny, Jakub"]
[Black "Son, Yeonjun"]
[Result "1-0"]
[WhiteElo "1710"]
[BlackElo "1928"]
[PlyCount "101"]
[GameId "2143344302866572"]
[EventDate "2025.??.??"]
[SourceVersionDate "2025.02.09"]

1. Nf3 d5 2. d4 Nf6 3. c4 e6 4. g3 Nbd7 5. Bg2 b6 6. O-O Be7 7. Qc2 Bb7 8. Bf4 c5 9. dxc5 Bxc5 10. cxd5 Nxd5 11. Ne5 O-O 12. Nxd7 Qxd7 13. Rd1 Qe7 14. Bd2 Rac8 15. Nc3 Nb4 16. Qa4 Bxg2 17. Kxg2 Qb7+ 18. f3 Nd5 19. Nxd5 exd5 20. Qg4 Rfe8 21. Kf1 Rxe2 22. Bc3 Rf2+ 23. Kg1 Rxf3+ 24. Bd4 Rf6 25. Bxc5 Rxc5 26. Rac1 Rxc1 27. Rxc1 Rc6 28. Re1 Qc8 29. Qg5 Re6 30. Rc1 Qe8 31. Qxd5 Re1+ 32. Rxe1 Qxe1+ 33. Kg2 Qe2+ 34. Kh3 Qe6+ 35. Qxe6 fxe6 36. Kg4 Kf7 37. Kf3 h5 38. h3 Kf6 39. Kf4 g5+ 40. Ke4 a5 41. a4 e5 42. g4 h4 43. Kd5 e4 44. Kxe4 Ke6 45. b3 Kd6 46. Kf5 Kc5 47. Kxg5 Kb4 48. Kxh4 Kxb3 49. g5 Kxa4 50. g6 b5 51. g7 1-0

[Event "KSB 24/25 BSS - Hostalkovice"]
[Site "Moravskoslezsky kraj"]
[Date "2025.02.09"]
[Round "8.1"]
[White "Bjolek, Jan"]
[Black "Zinglar, David"]
[Result "1-0"]
[WhiteElo "1900"]
[BlackElo "1952"]
[PlyCount "55"]
[EventDate "2024.10.13"]
[WhiteTeam "BSS Frydek-Mistek E"]
[BlackTeam "SK Hostalkovice"]

1. d4 Nf6 2. Bf4 d5 3. e3 e6 4. Nf3 Be7 5. Bd3 b6 6. Nbd2 Bb7 7. c3 Nbd7 8. h4 c5 9. h5 h6 10. Ne5 Nxe5 11. dxe5 Nd7 12. Qg4 Bf8 13. Nf3 Qe7 14. Bg3 O-O-O 15. O-O f5 16. Qa4 Qe8 17. Qxa7 Kc7 18. Ba6 Rb8 19. Nd4 cxd4 20. cxd4 Qc8 21. Rfc1+ Bc5 22. dxc5 bxc5 23. Rxc5+ Nxc5 24. Qxc5+ Kd7 25. Bb5+ Bc6 26. Qd6+ Ke8 27. Bxc6+ Kf7 28. Bd7 1-0

[Event "KSB 24/25 BSS - Hostalkovice"]
[Site "Moravskoslezsky kraj"]
[Date "2025.02.09"]
[Round "8.2"]
[White "Smetana, David"]
[Black "Buchta, Bartolomej"]
[Result "0-1"]
[WhiteElo "1889"]
[BlackElo "1963"]
[PlyCount "58"]
[EventDate "2024.10.13"]
[WhiteTeam "SK Hostalkovice"]
[BlackTeam "BSS Frydek-Mistek E"]

1. c4 c5 2. Nf3 Nf6 3. g3 g6 4. Bg2 Bg7 5. d3 d6 6. Nc3 a6 7. Bd2 Nc6 8. O-O Rb8 9. Rb1 b5 10. b3 O-O 11. Qc1 b4 12. Nd1 Re8 13. Bh6 Bh8 14. h3 Qa5 15. Qc2 Bb7 16. e4 Nd7 17. Bc1 Nde5 18. Bb2 Nxf3+ 19. Bxf3 Nd4 20. Bxd4 Bxd4 21. Ne3 e6 22. Qd2 f5 23. a4 Qd8 24. Ng2 fxe4 25. Bxe4 d5 26. cxd5 exd5 27. Bf3 Rf8 28. Nf4 Qg5 29. Rbd1 Qxg3+ 0-1

[Event "KSB 24/25 BSS - Hostalkovice"]
[Site "Moravskoslezsky kraj"]
[Date "2025.02.09"]
[Round "8.3"]
[White "Lytviak, Serhii"]
[Black "Cyron, Karel"]
[Result "1-0"]
[WhiteElo "1930"]
[BlackElo "1745"]
[PlyCount "101"]
[EventDate "2024.10.13"]
[WhiteTeam "BSS Frydek-Mistek E"]
[BlackTeam "SK Hostalkovice"]

1. Nf3 Nf6 2. g3 g6 3. b3 Bg7 4. Bb2 d6 5. d4 O-O 6. Bg2 Re8 7. O-O Nbd7 8. c4 c6 9. Nc3 d5 10. cxd5 cxd5 11. Rc1 a6 12. Ne5 e6 13. e4 dxe4 14. Nxe4 Nxe4 15. Bxe4 Nxe5 16. dxe5 Qe7 17. Qc2 a5 18. Rfd1 Rb8 19. Qc7 Qxc7 20. Rxc7 Bf8 21. Kg2 Be7 22. Rdc1 Bf8 23. Bd4 Bb4 24. Bb6 h5 25. f4 Ba3 26. R1c2 Bb4 27. Kf3 Kg7 28. h3 Rh8 29. R2c4 Re8 30. Rc1 Bd2 31. R1c2 Bb4 32. Ba7 Ra8 33. Bf2 Rb8 34. Bb6 Kg8 35. g4 hxg4+ 36. Kxg4 Kg7 37. Ba7 Ra8 38. Bf2 Rb8 39. Bh4 Kg8 40. Bf6 Kf8 41. h4 Kg8 42. Bxg6 fxg6 43. Rg7+ Kf8 44. Rcc7 Be7 45. Rgxe7 Rxe7 46. Bxe7+ Ke8 47. Bd6 Ra8 48. Kg5 Bd7 49. Rxb7 Rc8 50. Kxg6 Rc2 51. Kf6 1-0

[Event "KSB 24/25 BSS - Hostalkovice"]
[Site "Moravskoslezsky kraj"]
[Date "2025.02.09"]
[Round "8.4"]
[White "Kolarik, Tomas"]
[Black "Sigut, Ondrej"]
[Result "1/2-1/2"]
[WhiteElo "1790"]
[BlackElo "1939"]
[PlyCount "51"]
[EventDate "2024.10.13"]
[WhiteTeam "SK Hostalkovice"]
[BlackTeam "BSS Frydek-Mistek E"]

1. b3 d5 2. Bb2 Nf6 3. Nf3 c5 4. e3 Nc6 5. Be2 e6 6. O-O Bd6 7. d4 b6 8. Nbd2 O-O 9. Rc1 Bb7 10. c4 Rc8 11. Ne5 Ne4 12. cxd5 exd5 13. Nxc6 Bxc6 14. Nxe4 dxe4 15. Bc4 Qh4 16. g3 Qg5 17. dxc5 Bxc5 18. Qe2 Bd7 19. Rfe1 Bb4 20. Ba6 Bg4 21. Qf1 Bxe1 22. Bxc8 Bxc8 23. Qxe1 Bg4 24. Qc3 Bf3 25. Qe5 Qxe5 26. Bxe5 1/2-1/2

[Event "KSB 24/25 BSS - Hostalkovice"]
[Site "Moravskoslezsky kraj"]
[Date "2025.02.09"]
[Round "8.5"]
[White "Osina, Jaromir"]
[Black "Zinglar, Martin"]
[Result "1-0"]
[WhiteElo "1891"]
[BlackElo "1633"]
[PlyCount "77"]
[EventDate "2024.10.13"]
[WhiteTeam "BSS Frydek-Mistek E"]
[BlackTeam "SK Hostalkovice"]

1. d4 d5 2. c4 e6 3. Nc3 Nf6 4. Nf3 Be7 5. Qc2 O-O 6. e4 dxe4 7. Nxe4 b6 8. Bd3 h6 9. O-O Bb7 10. b3 Nbd7 11. Bb2 c5 12. Rad1 Qc7 13. Rfe1 Rfe8 14. dxc5 Bxe4 15. Bxe4 Nxe4 16. cxb6 axb6 17. Rxe4 Rxa2 18. Qb1 Rea8 19. Rg4 Nf6 20. Rgd4 Bc5 21. R4d2 Ng4 22. Be5 Qa7 23. Rd8+ Bf8 24. R8d7 Qa5 25. Bd4 Re2 26. h3 e5 27. hxg4 exd4 28. Nxd4 Rd2 29. Nf3 Re2 30. Rd8 Rxd8 31. Rxd8 Qc5 32. Nd4 Rd2 33. Rd5 Qc8 34. Qe4 Rd1+ 35. Kh2 Qc7+ 36. g3 Qb7 37. Qc2 Re1 38. Nf5 g6 39. Qd2 1-0

[Event "KSB 24/25 BSS - Hostalkovice"]
[Site "Moravskoslezsky kraj"]
[Date "2025.02.09"]
[Round "8.6"]
[White "Safarcik, Miroslav"]
[Black "Horkova, Tereza"]
[Result "0-1"]
[WhiteElo "1597"]
[BlackElo "1773"]
[PlyCount "62"]
[EventDate "2024.10.13"]
[WhiteTeam "SK Hostalkovice"]
[BlackTeam "BSS Frydek-Mistek E"]

1. Nf3 c5 2. b3 Nf6 3. Bb2 e6 4. e3 d5 5. Bb5+ Nc6 6. O-O Bd7 7. d4 a6 8. Bd3 Rc8 9. Nbd2 Nb4 10. Be2 cxd4 11. Nxd4 e5 12. c3 exd4 13. cxb4 dxe3 14. fxe3 Bxb4 15. a3 Bc5 16. Bd4 Qb6 17. Nf3 O-O 18. b4 Bxd4 19. Nxd4 Rfe8 20. Qb3 Re7 21. Bf3 Bb5 22. Nxb5 Rxe3 23. Qxe3 Qxe3+ 24. Kh1 axb5 25. Rfe1 Qc3 26. h3 g6 27. Be2 Ne4 28. Bxb5 Qg3 29. Kg1 Rc2 30. Bf1 Qf2+ 31. Kh2 Ng3 0-1

[Event "KSB 24/25 BSS - Hostalkovice"]
[Site "Moravskoslezsky kraj"]
[Date "2025.02.09"]
[Round "8.7"]
[White "Vancakova, Veronika"]
[Black "Peska, Jan"]
[Result "1-0"]
[WhiteElo "1884"]
[BlackElo "1688"]
[PlyCount "49"]
[EventDate "2024.10.13"]
[WhiteTeam "BSS Frydek-Mistek E"]
[BlackTeam "SK Hostalkovice"]

1. d4 d5 2. c4 c6 3. Nc3 Nf6 4. Nf3 Bf5 5. cxd5 Nxd5 6. Nd2 Nf6 7. e4 Bg6 8. Qb3 Qb6 9. Nc4 Qxb3 10. axb3 Nbd7 11. f3 e6 12. Bf4 Kd8 13. h4 Bb4 14. Kf2 b5 15. Na5 Bxa5 16. Rxa5 Ke7 17. Be2 h6 18. Rha1 Rhc8 19. b4 Nh5 20. Bh2 Nhf6 21. Rxa7 Rxa7 22. Rxa7 Ne8 23. d5 e5 24. dxc6 Rxc6 25. Bxe5 1-0

[Event "KSB Ostrava-Jih B - Koprivnice A"]
[Site "1. s."]
[Date "2025.02.09"]
[Round "8.1"]
[White "Lys, Josef"]
[Black "Stefanik, Marek"]
[Result "1/2-1/2"]
[WhiteElo "2101"]
[BlackElo "2083"]
[PlyCount "74"]
[EventDate "2025.??.??"]
[TimeControl "60/120:0"]

1. d4 Nf6 2. Nf3 d5 3. c4 e6 4. Nc3 b6 5. cxd5 Nxd5 6. e4 Nxc3 7. bxc3 Bb7 8. Bd3 c5 9. O-O Be7 10. Bb5+ Kf8 11. Qe2 cxd4 12. cxd4 Nd7 13. Bb2 Nf6 14. Bd3 h5 15. Rac1 h4 16. h3 Rc8 17. Rxc8 Qxc8 18. Rc1 Qa8 19. Nd2 Bb4 20. f3 Qb8 21. a3 Be7 22. Ba6 Kg8 23. Bxb7 Qxb7 24. Qc4 Rh5 25. Qc8+ Qxc8 26. Rxc8+ Bf8 27. e5 Nd5 28. a4 a5 29. Ba3 Nb4 30. Bxb4 axb4 31. Rb8 f6 32. f4 Rf5 33. Nb3 Rxf4 34. Rxb6 fxe5 35. a5 exd4 36. a6 Rf7 37. Rxe6 d3 1/2-1/2

[Event "KSB Ostrava-Jih B - Koprivnice A"]
[Site "2. s."]
[Date "2025.02.09"]
[Round "8.2"]
[White "Vermirovsky, Vlastimil"]
[Black "Vysoglad, Petr"]
[Result "1/2-1/2"]
[WhiteElo "2040"]
[BlackElo "2000"]
[PlyCount "25"]
[EventDate "2025.??.??"]

1. e4 e6 2. d4 c5 3. Nf3 d5 4. Bb5+ Bd7 5. Bxd7+ Qxd7 6. dxc5 dxe4 7. Ng5 Nf6 8. Nc3 Qxd1+ 9. Kxd1 Nc6 10. Ngxe4 O-O-O+ 11. Bd2 h6 12. Re1 Nxe4 13. Nxe4 1/2-1/2

[Event "KSB Ostrava-Jih B - Koprivnice A"]
[Site "3. s."]
[Date "2025.02.09"]
[Round "8.3"]
[White "Cempel, Jaroslav"]
[Black "Omanik, Pavel"]
[Result "1-0"]
[WhiteElo "1924"]
[BlackElo "2041"]
[PlyCount "70"]
[EventDate "2025.??.??"]

1. d4 Nf6 2. c4 c5 3. e3 Nc6 4. d5 Nb4 5. a3 Na6 6. Nc3 d6 7. Bd3 g6 8. Nge2 Bg7 9. O-O O-O 10. Ng3 Nc7 11. Re1 a6 12. a4 Rb8 13. e4 Ng4 14. h3 Ne5 15. Bf1 Ne8 16. Be3 Qb6 17. Qe2 h5 18. a5 Qd8 19. Qd2 h4 20. Nh1 Kh7 21. Bg5 Bf6 22. Bxf6 exf6 23. f4 Nd7 24. Nf2 Ng7 25. Be2 f5 26. Bf3 Nf6 27. e5 Nfh5 28. Nd3 Ng3 29. Qe3 Re8 30. Qf2 f6 31. exd6 Ne4 32. Qxh4+ Kg8 33. Bxe4 fxe4 34. Nxe4 Kf7 35. d7 Bxd7 1-0